000 00368nam a2200157Ia 4500
008 230605s9999 xx 000 0 und d
041 _aeng
100 _aprasad
245 _aHighschool english grammer & composition wren & marsan
260 _bBlackwell Pub
300 _a384
365 _b279
_h10
500 _a2188
520 _aGeneral
650 _aG.SKILL
999 _c419349
_d419349